000 00873nam1a22002171i 4500
001 rc\310895
005 20260406153241.0
035 _a(NLR Aleph) 005630854
090 _a6574132
_c6574132
100 _a20030307g19909999u |0rusy50 ca
101 0 _arus
102 _aRU
105 _ay |||||||||
200 1 _aСвойства технически важных жидкостей и газов
_eБиблиогр. аннот. указ. справ. лит.
_fВсесоюз. н.-и. центр по материалам и веществам
210 _aМ.
_cВНИЦМВ
_d1990-
215 _d22
712 0 2 _aВсесоюзный научно-исследовательский центр по материалам и веществам
_3RU\NLR\AUTH\889928655
_9352885
801 0 _aRU
_bNLR
_gpsbo
801 1 _aRU
_bELAR
_2rusmarc
852 _aNLR
_bС
_jК-2/5068
942 _cBOOK